Bytový dom

Saved in:
Bibliographic Details
Main Author: Kubička, Matej (Author)
Other Authors: Lacová, Zuzana (Thesis advisor)
Format: Manuscript Book
Language:Slovak
Published: 2017
Subjects:
Online Access:http://is.stuba.sk/zp/portal_zp.pl?podrobnosti=108207
https://opac.crzp.sk/?fn=detailBiblioForm&sid=3D579E6F99510E20DABF40D0A384
Tags: Add Tag
No Tags, Be the first to tag this record!

MARC

LEADER 00000ntm a22000003a 4500
001 stuzp62957
003 SK-STU
005 20230519105340.3
007 ta
008 150427s2015----xo-----f-mn---000-0-slo-d
040 |a STU  |b slo 
041 0 |a slo 
100 1 |a Kubička, Matej  |u 010180  |4 aut  |U SvF Stavebná fakulta  |T SvF Katedra konštrukcií pozemných stavieb  |X 62932  |U V180  |Y 18  |7 62932 
242 0 1 |a Apartment house  |y eng 
245 1 0 |a Bytový dom 
260 |c 2017 
650 4 |a bytový dom  |2 slo 
650 4 |a Nitra  |2 slo 
650 4 |a skeletový konštrukčný systém  |2 slo 
650 4 |a projekt na realizáciu stavby  |2 slo 
650 4 |a terasy  |2 slo 
650 4 |a apartment house  |2 eng 
650 4 |a construction project  |2 eng 
650 4 |a terraces  |2 eng 
650 4 |a Nitra  |2 eng 
650 4 |a skeleton construction system  |2 eng 
700 1 |a Lacová, Zuzana  |u 010180  |k Z3  |4 ths  |U SvF Stavebná fakulta  |T SvF Katedra konštrukcií pozemných stavieb  |X 59113  |U V180  |Y 18  |7 A000059113 
856 4 |u http://is.stuba.sk/zp/portal_zp.pl?podrobnosti=108207 
856 4 |u https://opac.crzp.sk/?fn=detailBiblioForm&sid=3D579E6F99510E20DABF40D0A384